000 02435cam a2200181 4500500
005 20251228053007.0
041 _afre
042 _adc
100 1 0 _aClaude, Viviane
_eauthor
245 0 0 _aMarie Charvet, Les fortifications de Paris. De l’hygiénisme à l’urbanisme, 1880-1919, Rennes, Presses universitaires de Rennes, 2005, 312 p.
260 _c2006.
500 _a50
520 _aRésuméPorter un regard sur la conception des réseaux écologiques oblige à interroger ce qui avait été, au préalable, externalisé dans la gestion des espèces animales. Nous comparons deux études de cas sur un animal très difficile à observer dans la nature, la loutre. Dans le suivi de l’espèce que supposent les corridors écologiques, l’extérieur devient alors une question spécifique. Au lieu de l’isolement qui servait autrefois à contenir les menaces, la liberté d’échanges attribuée désormais à cette espèce animale, comme à d’autres, suppose une autre organisation de l’espace et des collectifs concernés.
520 _aThe conception of ecological networks raises the issue of what previously used to be externalised in animal species management. We compare two case studies focused on the otter, an animal very difficult to observe in its natural habitats. Following the species through ecological corridors, the meaning of «outside» becomes arguable. Isolation was formerly a protective device against threats. Free exchanges now allotted to this specific animal species, and others as well, require a different organization of space and of co-operative groups.
520 _aResumenEchar un vistazo sobre la concepción de las redes ecológicas lleva a cuestionar lo que había sido, previamente, externalizado en la gestión de las especies animales. Comparamos dos estudios de caso sobre un animal difícil de observación en la naturaleza, la nutria. En el seguimiento de la especie, a través de los pasillos ecológicos, el exterior se vuelve una cuestión específica. En vez del aislamiento que era usado antes para contener las amenazas, la libertad de cambios atribuida a esta especie animal, como a otros, supone otra organización del espacio e y de los colectivos afectados.
786 0 _nEspaces et sociétés | 123 | 4 | 2006-03-01 | p. 181c-190c | 0014-0481
856 4 1 _uhttps://shs.cairn.info/revue-espaces-et-societes-2005-4-page-181c?lang=fr&redirect-ssocas=7080
999 _c1584939
_d1584939